00463nam a2200181Ia 4500008004100000020001800041050001400059100002000073245002300093245005600116260001500172260001600187260000900203300001500212300002200227300001000249440002200259180207s9999 xx 000 0 und d a9780439867986 bA547 2001 aAnderson, J. I. aDogs and puppies / cby J. I. Anderson ; illustrated by Janice Kinnealy. aNew York : bScholastic, c2001 a47 pages : bchiefly colored ; c17cm. aI can read about.